00400 2200157 4500001002100000005001500021035002000036245005100056100001700107300002700124260003900151082000800190084001400198020001800212990001200230INLIS00000000000184420250508015256 a0010-05250001361 aAtlas Indonesia dan Sekitarnya /cTim Penyusun0 aTim Penyusun a48 hlm ;c15,5 x 23 cm aSurakarta :bCV. Buana Raya,c2017 a900 a900 TIM a a979-9451-00-0 a0754757